000
00287nam a22001337a 4500
008
180918b xxu||||| |||| 00| 0 eng d
020
_a
9780881332049
041
_a
eng
080
_a
574
100
_a
9
101
_a
MJE
245
_a
Cultural Ecology
_c
Netting.r.m
942
_2
udc
_c
BK
999
_c
47939
_d
47939